000 00367cam a2200157 4500
001 D13059
008 090401t xxu||||| |||| 00| 0 eng d
035 _a(Sirsi) u94349
041 _aeng
110 _aInstitute of Mine Surveyors
_91391
245 _aTransactions December 1932-April 1941
350 _a0
520 _aShelf 183
942 _n0
948 _c04/03/1997
999 _c97993
_d97993